| Tag |
First Indicator |
Second Indicator |
Subfields |
| LEADER |
00000cam a2200000 a 4500 |
| 001 |
in00000960404 |
| 005 |
20150927072846.0 |
| 007 |
hd afv|||baca |
| 008 |
860521s1666 miuacf a 00010 eng d |
| 035 |
|
|
|a (OCoLC)13613262
|
| 035 |
|
|
|9 AEV2253AM
|
| 037 |
|
|
|a CL0037000026
|b UMI
|
| 037 |
|
|
|b University Microfilms International, 300 N. Zeeb Rd., Ann Arbor, MI 48106
|
| 040 |
|
|
|a EAA
|c EAA
|d m/c
|d EAA
|d UtOrBLW
|
| 045 |
2 |
|
|b d1600
|b d1666
|
| 049 |
|
|
|a TXAI
|
| 099 |
|
|
|a film
|a B
|a 3609
|
| 100 |
1 |
|
|a Wharton, George,
|c Sir,
|d 1617-1681.
|
| 245 |
1 |
0 |
|a Calendarium Carolinum, or, A new almanack after the old fashion for the year of Christ, 1666, being the 2. from bissextile :
|b to which is added, Gesta Britannorum, or, A brief chronology from the year 1600 till the present 1666 /
|c by George Wharton.
|
| 264 |
|
3 |
|a London :
|b Printed by J. Grismond,
|c 1666.
|
| 300 |
|
|
|a 36 unnumbered pages, 44 pages, 1 unnumbered leaf of plates :
|b illustrations, portrait
|
| 336 |
|
|
|a text
|b txt
|2 rdacontent
|
| 337 |
|
|
|a microform
|b h
|2 rdamedia
|
| 338 |
|
|
|a microfilm reel
|b hd
|2 rdacarrier
|
| 500 |
|
|
|a Reproduction of original in University of Illinois Library.
|
| 510 |
4 |
|
|a Wing
|c A2657
|
| 533 |
|
|
|a Microfilm.
|b Ann Arbor, Mich. :
|c University Microfilms International,
|d 1978.
|e 1 microfilm reel ; 35 mm.
|f (Early English books, 1641-1700 : 832:11)
|
| 500 |
|
|
|a Microform.
|
| 650 |
|
0 |
|a Almanacs, English.
|
| 740 |
0 |
|
|a Calendarium Carolinum.
|
| 740 |
2 |
|
|a A new almanack after the old fashion for the year of Christ 1666.
|
| 740 |
0 |
|
|a Gesta Britannorum, or, A brief chronology from the year 1600 till the present 1666.
|
| 740 |
0 |
|
|a Gesta Britannorum.
|
| 740 |
2 |
|
|a A brief chronology from the year 1600 till the present 1666.
|
| 830 |
|
0 |
|a Early English books, 1641-1700 ;
|v 832:11.
|
| 999 |
|
|
|a MARS
|
| 999 |
f |
f |
|s 762386d6-74f9-335d-8d49-bb18d100b068
|i eee62ea0-dd3f-3afe-b110-c9843d075b77
|t 0
|
| 952 |
f |
f |
|p default
|a Texas A&M University
|b College Station
|c Sterling C. Evans Library
|d Evans: Microforms (3rd floor)
|t 0
|e film B 3609 832:11
|h Other scheme
|i microform -- microfilm reel
|
| 998 |
f |
f |
|a film B 3609 832:11
|t 0
|l Evans: Microforms (3rd floor)
|